000 00603nam a2200205Ia 4500
005 20250508151617.0
008 008 250505s9999 xx 000 0 eng d
037 _aTextual
040 _aFEDL
_beng
_cFEDL
041 _aeng
_2eng
084 _a380.7, BLA
_qFEDL
100 _aRobbin Charles L Ed.
_9759591
245 0 _aUniversity of Iowa monographs in education
245 0 _cIowa. (University of...)
260 _aIowa
_bUniversity of Iowa
300 _a230p
490 _aResearch studies in commercial education; 3
942 _cTEXL
_h380.7, BLA
999 _c1330928
_d1330928